| 000 | 02391nam a22002297a 4500 | ||
|---|---|---|---|
| 999 |
_c6584 _d6584 |
||
| 003 | AR-CdUCM | ||
| 008 | 190318b ||||| |||| 00| 0 spa d | ||
| 040 |
_aMUNICIPALIDAD PROVINCIAL DEL CUSCO _cBIBLIOTECA MUNICIPAL DEL CUSCO |
||
| 082 |
_a086.909 / _bM84 |
||
| 110 |
_aRamón Sopena _944048 |
||
| 245 | _aMonografías históricas / | ||
| 260 |
_aBarcelona : _bRamón Sopena, _c1993 - 1997. |
||
| 300 |
_a5 volumnes ; 9 tomos ; _bIlustraciones, _c25 cm. |
||
| 505 | _aContenido: v.1.- t.1: La revolución francesa: la filosofía y la revolución -- El gobierno de Francia -- La hacienda -- Luis XVI -- Las elecciones para los estados generales -- t.2: La revolución francesa: La revolución Francesa -- La guerra general -- La guerra marítima -- El directorio -- v.2.- t.1: Napoleón: El consulado, 1799 - 1804 -- La neutralidad armada, 1780 - 1801 -- La pacificación de Europa, 1799 -1802 -- Francia y sus tributarios, 1801-1803 -- Francia bajo el imperio, 1804-1814 -- t.2: Napoleón: Los estados dependientes de Francia y suiza, 1800-14 -- La guerra de la independencia en la península Ibérica, 1808-1814 -- Rusia durante el reinado de Alejandro I y la invasión de 1812 -- La guerra de libración, 1813-4 -- v.3.- t.1:La guerra de los treinta años: Comienzo de la guerra de los 30 años -- La Valtelina -- La ruina del protestantismo (1620-30) -- Richelieu -- Los vasa en Suecia y Polonia -- Gustavo Adolfo -- t.2: La guerra de los treinta años: La republica y el protectorado -- La marina de la republica y la primera guerra Holandesa -- Escosia desde el advenimiento de Carlos I hasta la retauración -- Irlanda desde la colonizacion de Ulster hasta el estatuto de Cromwell -- La anarquia y la restauración -- v.4: La Reforma: La Roma de los medicis -- Los habsburgos y Valois -- Lutero -- Oposición nacional a Roma en Alemania -- t.2 -- La reforma -- Calvino y la iglesia reformada -- La reforma en los países católicos del sur de Europa -- Enrique VIII -- v.5: t.1: Las guerras religiosas en francia -- el humanismo frances y mantaigne -- la reaccion catolica y las elecciones -- apogeo del poderio otomano -- el imperio en los reinados de fernando | ||
| 650 |
_aHistoria moderna _912930 |
||
| 650 |
_aFrancia _91444 |
||
| 650 |
_aFilosofia _9395 |
||
| 650 |
_aRevolución _944049 |
||
| 710 |
_aCambridge University _918513 |
||
| 942 |
_2ddc _cLIBROS |
||
| 945 | _aacv | ||